000 00851nam a22002057a 4500
003 DO-CoUTE
005 20260429125854.0
008 260429b dr ||||| |||| 00| 0 spa d
040 _aDO-CoUTE
_bspa
_cDO-CoUTE
082 _aRD 972.93054U15e
100 1 _aUbiñas Renville, Guaroa
_eAutor
245 1 0 _aÉpica Resistencia patriótica en la zona norte durante la llamada "Operacion Limpieza" /
_cGuaroa Ubiñas Renville
260 _aSanto Domingo ;
_bArchivo General de La Nacion,
_c2023
300 _a184 paginas :
_bImágenes ;
_c23cm,
504 _a Incluye referencia bibliográfica e índice.
505 _aPrefacio | Parte I. Antecedentes | Parte II. Ensanche La Fe. La guerra | Parte III. Venganza y contrainsurgencia estadounidense
650 4 _agolpe de estado
700 1 _aGuaroa Ubiñas Renville
_eAutor
942 _2ddc
_cBK
999 _c24146
_d24146